China Brand Logos! #2 - Statistics

General Stats
  • This quiz has been taken 54 times
  • The average score is 5 of 9
Answer Stats
Picture Answer % Correct
Tsingtao
93%
Moutai
79%
Hisense
71%
9Gag
60%
TCL
57%
Haier
48%
Foxconn
45%
Greatwall
40%
China Eastern
33%
No matching quizzes found
Score Distribution
Percent of People with Each Score
Percentile by Number Answered
Your Score History
You have not taken this quiz